Giovane dell'anno della PFA - Statistics

Statistiche generali
  • Questo quiz è stato fatto 5 volte
  • Il punteggio medio è 17 su 50
Statistiche sulle risposte
Stagione Nazione Squadra Calciatore % Corretto
2022-23 Inghilterra Arsenal Bukayo Saka
100%
2006-07 Portogallo Manchester United Cristiano Ronaldo
100%
2012-13 Galles Tottenham Hotspur Gareth Bale
100%
2019-20 Inghilterra Liverpool Trent Alexander-Arnold
100%
2007-08 Spagna Arsenal Cesc Fàbregas
80%
2013-14 Belgio Chelsea Eden Hazard
80%
2014-15 Inghilterra Tottenham Hotspur Harry Kane
80%
2017-18 Germania Manchester City Leroy Sané
80%
2020-21 Inghilterra Manchester City Phil Foden
80%
2021-22 Inghilterra Manchester City Phil Foden
80%
2004-05 Inghilterra Manchester United Wayne Rooney
80%
2005-06 Inghilterra Manchester United Wayne Rooney
80%
1993-94 Inghilterra Newcastle United Andy Cole
60%
2015-16 Inghilterra Tottenham Hotspur Dele Alli
60%
2016-17 Inghilterra Tottenham Hotspur Dele Alli
60%
1997-98 Inghilterra Liverpool Michael Owen
60%
2018-19 Inghilterra Manchester City Raheem Sterling
60%
1991-92 Galles Manchester United Ryan Giggs
60%
1992-93 Galles Manchester United Ryan Giggs
60%
1996-97 Inghilterra Manchester United David Beckham
40%
2011-12 Inghilterra Tottenham Hotspur Kyle Walker
40%
2000-01 Inghilterra Liverpool Steven Gerrard
40%
2008-09 Inghilterra Aston Villa Ashley Young
20%
1982-83 Galles Liverpool Ian Rush
20%
1973-74 Inghilterra Ipswich Town Kevin Beattie
20%
1987-88 Inghilterra Newcastle United Paul Gascoigne
20%
1994-95 Inghilterra Liverpool Robbie Fowler
20%
1995-96 Inghilterra Liverpool Robbie Fowler
20%
1976-77 Scozia Aston Villa Andy Gray
0%
1977-78 Inghilterra Nottingham Forest Anthony Stewart Woodcock
0%
2001-02 Galles Newcastle United Craig Bellamy
0%
1978-79 Inghilterra West Bromwich Albion Cyrille Regis
0%
1980-81 Inghilterra Aston Villa Gary Shaw
0%
1979-80 Inghilterra Tottenham Hotspur Glenn Hoddle
0%
1999-00 Australia Leeds Utd Harry Kewell
0%
2010-11 Inghilterra Arsenal Jack Wilshere
0%
2009-10 Inghilterra Aston Villa James Milner
0%
2002-03 Inghilterra Newcastle United Jermaine Jenas
0%
1990-91 Inghilterra Manchester United Lee Sharpe
0%
1984-85 Galles Manchester United Mark Hughes
0%
1989-90 Inghilterra Southampton Matthew Le Tissier
0%
1974-75 Inghilterra West Ham United Mervyn Day
0%
1999-00 Francia Arsenal Nicolas Anelka
0%
1988-89 Inghilterra Arsenal Paul Merson
0%
1983-84 Inghilterra Luton Town Paul Walsh
0%
1975-76 Inghilterra Manchester City Peter Barnes
0%
2003-04 Inghilterra Chelsea Scott Parker
0%
1981-82 Inghilterra Southampton Steve Moran
0%
1986-87 Inghilterra Arsenal Tony Adams
0%
1985-86 Inghilterra West Ham United Tony Cottee
0%
Nessun quiz corrispondente trovato
Distribuzione punteggi
Percentuale di utenti per punteggio
Percentile per numero di risposta
I tuoi punteggi nel tempo
Non hai fatto questo quiz